Liehovarníctvo, droždiarstvo, vinárstvo časť: Vinárstvo

Na minha lista:
Detalhes bibliográficos
Main Authors: Malík, Fedor, 1945-, Minárik, Erich, 1924-2007 (Author)
Formato: Livro
Idioma:eslovaco
Publicado em: Bratislava Slovenská vysoká škola technická 1983
Edição:1. vyd.
Assuntos:
Acesso em linha:View in OPAC
Tags: Adicionar Tag
Sem tags, seja o primeiro a adicionar uma tag!

MARC

LEADER 00000cam a2200000 a 4500
005 20260127133934.0
008 180815s1983 xo a e n 00000 slo
015 |a SNBA1983 
035 |a vtls001091828 
035 |a SNK000034670 
039 9 |a 201808151643  |b VLOAD  |c 201808141801  |d VLOAD  |c 201808141801  |d VLOAD  |c 201807200948  |d AUTHORITY  |y 200412241007  |z VLOAD 
040 |a SNK  |b slo  |c SNK  |d STUSCHK1  |e AACR2 
041 0 |a slo 
044 |a xo  |c SK 
080 |a 663.2(075.8)  |2 1981 
100 1 |a Malík, Fedor,  |d 1945-  |9 739 
245 1 0 |a Liehovarníctvo, droždiarstvo, vinárstvo  |b časť: Vinárstvo  |c Fedor Malík, Erich Minárik 
250 |a 1. vyd. 
260 |a Bratislava  |b Slovenská vysoká škola technická  |c 1983 
300 |a 131 s  |b tab., sch.  |c 29 cm 
366 |e 150 výt. 
504 |a Bibliogr. odkazy 
650 0 7 |a vinárstvo  |2 SNKPH 
655 7 |a učebnice vysokých škôl  |2 SNKPH 
700 1 |a Minárik, Erich,  |d 1924-2007  |4 aut  |9 1117 
910 |a schk95 
910 |a snk 
958 |a OND 
958 |a RM 
958 |a UV 
999 |c 459  |d 459